Political security or energy security?: ONGC's purchase of GSPC reserves (Record no. 113567)

000 -LEADER
fixed length control field 00865pab a2200157 454500
008 - FIXED-LENGTH DATA ELEMENTS--GENERAL INFORMATION
fixed length control field 180718b2017 xxu||||| |||| 00| 0 eng d
100 ## - MAIN ENTRY--PERSONAL NAME
Personal name Shenoy, Bhamy V.
245 ## - TITLE STATEMENT
Title Political security or energy security?: ONGC's purchase of GSPC reserves
260 ## - PUBLICATION, DISTRIBUTION, ETC.
Date of publication, distribution, etc. 2017
300 ## - PHYSICAL DESCRIPTION
Extent p.16-18.
362 ## - DATES OF PUBLICATION AND/OR SEQUENTIAL DESIGNATION
Dates of publication and/or sequential designation 4 Feb
520 ## - SUMMARY, ETC.
Summary, etc. The Oil and Natural Gas Corporation's decision to buy 80% of Gujarat State Petroleum Corporation's interests in the Krishna Godavari basin for $1.2 billion could be a calculated gamble. While the deal has been criticised as a rescue operation to save GSPC from bankruptcy, this article attempts to take a more dispassionate look at it both from the angles of commercial interest and promoting Indiaメs energy security. - Reproduce
650 ## - SUBJECT ADDED ENTRY--TOPICAL TERM
Topical term or geographic name entry element Oil and Natural Gas Corporation
773 ## - HOST ITEM ENTRY
Main entry heading Economic and Political Weekly
909 ## -
-- 113573
Holdings
Withdrawn status Lost status Damaged status Not for loan Permanent Location Current Location Date acquired Serial Enumeration / chronology Barcode Date last seen Price effective from Koha item type
        Indian Institute of Public Administration Indian Institute of Public Administration 2018-07-19 Volume no: 52, Issue no: 5 AR114033 2018-07-19 2018-07-19 Articles

Powered by Koha